PROBLEMS IN HYDRAULICS AND FLUID MECHANICS (Record no. 22038)

MARC details
000 -LEADER
fixed length control field 00325nam a22001457a 4500
003 - CONTROL NUMBER IDENTIFIER
control field SGT
020 ## - INTERNATIONAL STANDARD BOOK NUMBER
International Standard Book Number 9783030513863
082 ## - DEWEY DECIMAL CLASSIFICATION NUMBER
Classification number 532.076,LON
100 ## - MAIN ENTRY--PERSONAL NAME
Personal name LONGO,SANDRO
245 ## - TITLE STATEMENT
Title PROBLEMS IN HYDRAULICS AND FLUID MECHANICS
260 ## - PUBLICATION, DISTRIBUTION, ETC. (IMPRINT)
Name of publisher, distributor, etc SPRINGER
Year of Publication 2020
300 ## - PAGE DESCRIPTION
No. of Pages 340
650 ## - SUBJECT ADDED ENTRY--TOPICAL TERM
Topical term or geographic name as entry element Fluid mechanics
942 ## - ADDED ENTRY ELEMENTS (KOHA)
Source of classification or shelving scheme Dewey Decimal Classification
Koha item type Books
Holdings
Withdrawn status Lost status Source of classification or shelving scheme Damaged status Not for loan Collection code Home library Current library Shelving location Date acquired Vendor Name Cost, normal purchase price SGTU Bill Number Full call number Accession No. (Barcode) Date last seen Bill Date Koha item type Use restrictions
    Dewey Decimal Classification     ENGINEERING SGT Engineering Library SGT Engineering Library Reference Book 30/11/2021 AHUJA BOOK COMPANY 7359.00 SGTU 13281 532.076,LON FE8347 30/11/2021 14/08/2021 Books  
    Dewey Decimal Classification   Not For Loan ENGINEERING SGT Engineering Library SGT Engineering Library Reference Book 30/11/2021 AHUJA BOOK COMPANY 7359.00 SGTU 13281 532.076,LON FE8348 30/11/2021 14/08/2021 Books Restricted Access